[Event "CAN-ch U14 Girls"]
[Site "Kapuskasing"]
[Date "2004.07.07"]
[Round "3"]
[White "Chen, Yushang"]
[Black "Tang, Tiffany"]
[Result "0-1"]
[WhiteElo "1163"]
[BlackElo "1547"]
[PlyCount "88"]
[EventDate "2004.07.06"]
[EventType "tourn"]
[EventRounds "5"]
[EventCountry "CAN"]
[SourceTitle "EXT 2006"]
[Source "ChessBase"]
[SourceDate "2005.11.24"]
[SourceVersion "1"]
[SourceVersionDate "2005.11.24"]
[SourceQuality "1"]

1. d4 Nf6 2. Nf3 g6 3. e3 Bg7 4. Bd3 0-0 5. 0-0 d6 6. h3 Nc6 7. c4 e5 8. d5 Ne7 9. e4 h6 10. Nc3 Nd7 11. Nh2 f5 12. f4 Kh7 13. Be3 fxe4 14. Bxe4 Nf5 15. Bxf5 gxf5 16. Rc1 Nf6 17. g4 fxg4 18. hxg4 exf4 19. Bxf4 Qe8 20. Qd3+ Qg6 21. Qxg6+ Kxg6 22. Rc2 Nxg4 23. Nxg4 Bxg4 24. Rg2 h5 25. Rg3 Bd4+ 26. Kg2 Rae8 27. a3 Kh7 28. Bd2 Rxf1 29. Kxf1 Rf8+ 30. Kg2 Rf2+ 31. Kh1 Rxd2 32. b4 Bf2 33. Ne4 Rd1+ 34. Kg2 Bxg3 35. Kxg3 Rd4 36. Nf6+ Kg6 37. Nxg4 hxg4 38. c5 Kg5 39. c6 bxc6 40. dxc6 Rd3+ 41. Kg2 Kf4 42. a4 Rd2+ 43. Kf1 Kg3 44. Kg1 Rd1# 0-1